Biochemistry / (Record no. 11532)
[ view plain ]
| 000 -LEADER | |
|---|---|
| fixed length control field | 00879cam a22002772 4500 |
| 001 - CONTROL NUMBER | |
| control field | 0000024362 |
| 005 - DATE AND TIME OF LATEST TRANSACTION | |
| control field | 20151217154510.0 |
| 008 - FIXED-LENGTH DATA ELEMENTS--GENERAL INFORMATION | |
| fixed length control field | 130909s xx 000 0 eng d |
| 020 ## - INTERNATIONAL STANDARD BOOK NUMBER | |
| International Standard Book Number | 1429276351 : |
| 040 ## - CATALOGING SOURCE | |
| Original cataloging agency | KABU |
| Transcribing agency | KABU |
| 100 1# - MAIN ENTRY--PERSONAL NAME | |
| Personal name | Berg,Jeremy M. |
| -- | 0000179636 |
| 245 10 - TITLE STATEMENT | |
| Title | Biochemistry / |
| Statement of responsibility, etc. | Jeremy M. Berg, John L. Tymoczko, Lubert Stryer with Gregory J. Gatto, Jr. |
| 250 ## - EDITION STATEMENT | |
| Edition statement | 7th ed. |
| 260 ## - PUBLICATION, DISTRIBUTION, ETC. (IMPRINT) | |
| Place of publication, distribution, etc. | New York : |
| Name of publisher, distributor, etc. | W. H. Freeman, |
| Date of publication, distribution, etc. | 2012. |
| 300 ## - PHYSICAL DESCRIPTION | |
| Extent | 1 v. (various pagings) |
| 650 #0 - SUBJECT ADDED ENTRY--TOPICAL TERM | |
| Topical term or geographic name as entry element | Biochemistry. |
| -- | 0000154236 |
| 650 #0 - SUBJECT ADDED ENTRY--TOPICAL TERM | |
| Topical term or geographic name as entry element | Genes. |
| -- | 0000155287 |
| 650 #0 - SUBJECT ADDED ENTRY--TOPICAL TERM | |
| Topical term or geographic name as entry element | DNA. |
| -- | 0000184381 |
| 650 #0 - SUBJECT ADDED ENTRY--TOPICAL TERM | |
| Topical term or geographic name as entry element | RNA. |
| -- | 0000184382 |
| 700 1# - ADDED ENTRY--PERSONAL NAME | |
| Personal name | Tymoczko, John L. |
| -- | 0000184380 |
| 700 1# - ADDED ENTRY--PERSONAL NAME | |
| Personal name | Stryer, Lubert. |
| -- | 0000183932 |
| 700 1# - ADDED ENTRY--PERSONAL NAME | |
| Personal name | Gatto, Jr., Gregory J. |
| -- | 0000184383 |
| 852 1# - LOCATION | |
| -- | p17535 KES |
| 908 ## - PUT COMMAND PARAMETER (RLIN) | |
| Put command parameter | 130909 |
| 950 ## - LOCAL HOLDINGS (RLIN) | |
| -- | 1 |
| Withdrawn status | Lost status | Source of classification or shelving scheme | Not for loan | Home library | Current library | Date acquired | Total Checkouts | Total Renewals | Full call number | Barcode | Date last seen | Date last checked out | Price effective from | Koha item type |
|---|---|---|---|---|---|---|---|---|---|---|---|---|---|---|
| Library of Congress Classification | Kabarak, Main Campus | Kabarak, Main Campus | 17/12/2015 | 18 | 1 | QP514.2 .B47 2012 c. 1 | 016066 | 30/04/2021 | 26/04/2021 | 17/12/2015 | General Collection |